000 00998nam a22002537a 4500
003 BD-DhSAU
005 20211002122024.0
008 210929b |||||||| |||| 00| 0 eng d
040 _aBD-DhSAU
082 _222
_a658.8
_bR8121
100 _aROY, NRIPOTI
_eRegistration No.:# 12-05188
245 _aProfitability analysis and entrepreneurship opportunities on dairy milk production: based on selected areas in dinajpur district, bangladesh /
_bMs Thesis
260 _aSher-e-bangla Agricultural University Dhaka 1207;
_bDepartment of Agribusiness & Marketing;
_c2018.;
300 _axiii;
_b78p.;
_c30cm.;
500 _aIncluding Index.;
590 _anazmul
600 _qentrepreneurship opportunities
610 _adairy milk production:
650 _adinajpur district, bangladesh
700 _aBisakha Dewan
_eSupervisor
710 _aSajeeb Saha
_eCo-Supervisor
856 _yOnline Access
_uhttp://archive.saulibrary.edu.bd:8080/xmlui/handle/123456789/3251
942 _2ddc
_cTHESIS
999 _c15431
_d15430